| 000 | 00954nam a2200205Ia 4500 | ||
|---|---|---|---|
| 999 |
_c50863 _d50863 |
||
| 001 | 17818 | ||
| 003 | GE_BSU | ||
| 005 | 20200224170016.0 | ||
| 008 | 181216s1978en xx |||||||||||||| ||eng|| | ||
| 040 | _cGE_BSU | ||
| 080 | _a353.03(73) P-97 | ||
| 245 |
_aPublic papers of the presidents of the United States Jimmy Carter _b1977 (in two books) Book II-june 25 to december 31, 1977 |
||
| 264 |
_aWashington : _bUnited States government printing office, _c1978. |
||
| 300 |
_a2223 p. : _b ill ; _c26 cm. |
||
| 653 | _a1977 (in two books) Book II-june 25 to december 31, 1977 | ||
| 653 | _aPublic papers of the presidents of the United States Jimmy Carter 1980-81. | ||
| 653 | _aშეერთებული შტატების პრეზიდენტების ჯიმი კარტერი | ||
| 653 | _aსახელმწიფო ადმინისტრაციული მმართველობა | ||
| 942 |
_cBK _2udc |
||